| 000 | 00711nam a2200181 a 4500 | ||
|---|---|---|---|
| 005 | 20230324064008.0 | ||
| 008 | 991125s1980 mx 000 0 spa u | ||
| 035 | _aUPN01000005437 | ||
| 049 | _aCG | ||
| 050 | 4 |
_aLE7.2931 M265 _bU22.199 |
|
| 110 | 2 |
_aUniversidad Autónoma Metropolitana (México). _bUnidad Xochimilco _919993 |
|
| 245 | 1 | 0 |
_aBases para la elaboración de una política de investigación científica en la Universidad Autónoma Metropolitana, Xochimilco / _cUniversidad Autónoma Metropolitana, Unidad Xochimilco. |
| 260 |
_aMéxico : _bUAM-Xochimilco : _c1980. |
||
| 300 | _a40 p. | ||
| 440 | 0 |
_aTemas universitarios ; _v1 |
|
| 650 | 4 |
_aEducación _xInvestigación _zMéxico _99022 |
|
| 905 | _aLibro | ||
| 999 |
_c5437 _d5437 |
||